000 00511nam a2200193Ia 4500
005 20250508164658.0
008 008 250505s9999 xx 000 0 eng d
037 _aReference
040 _aFEDL
_beng
_cFEDL
041 _aeng
_2eng
084 _a370.193, ILL/RR
_qFEDL
100 _aIllich Ivan
245 0 _aDeschooling society
260 _aEngland, UK
_bPenguin Books
_c1971
300 _a116 p.
546 _aPhotocopy
942 _cREF
_h370.193, ILL/RR
999 _c1390502
_d1390502